Fußball: Wer hat mehr Länderspiele für Deutschland gemacht? - Statistiken

Allgemein
  • Dieses Quiz wurde 167 mal gespielt
  • Das Durchschnittsergebnis liegt bei 7 aus 15
Antwortstatistiken
Frage Antwort % Korrekt
2004 Teil des frühzeitigen Vorrundenaus.. wer hat die meisten Länderspiele? Dietmar Hamann
71%
Lange dabei waren sie alle, aber wer hat die meisten Spiele? Lukas Podolski
71%
Weitere Weltmeister von 2014... wer hat die meisten Länderspiele? Shkodran Mustafi
67%
Beinharte Verteidiger! Wer hat die meisten Spiele gemacht? Per Mertesacker
63%
Die legendäre WM 2002.. wer hat die meisten Länderspiele? Bernd Schneider
58%
Alle Teil des Kaders 2006. Wer hat insgesamt die meisten Länderspiele gemacht? Tim Borowski
58%
Alle 2008 Teil des EM-Kaders.. wer hat die meisten Länderspiele? Thomas Hitzlsperger
54%
Knipser der 90er, aber wer hat die meisten Länderspiele? Jürgen Klinsmann
50%
Europameister 1996 und im Finale in der Startelf.. wer hat die meisten Länderspiele? Thomas Häßler
33%
Welcher dieser Torhüter hat die meisten Spiele gemacht? Jens Lehmann
29%
Weltmeister 2014! Wer hat insgesamt die meisten Länderspiele gemacht? Julian Draxler
29%
Alle über 100 Spiele.. aber wer hat am meisten? Miroslav Klose
29%
Knipser! Wer hat die meisten Spiele für Deutschland gemacht? Oliver Neuville
25%
Weltmeister und Leistungsträger von 2014.. wer hat die meisten Länderspiele? Mesut Özil
13%
Ebenfalls 2008 im Kader... wer hat die meisten Länderspiele? Piotr Trochowski
13%
Keine übereinstimmenden Quizze gefunden
Verteilung der Resultate
Anzahl Personen mit jedem Resultat
Perzentil nach korrekt beantworteten Fragen
Ihre Resultats-Entwicklung
Sie haben dieses Quiz noch nicht gespielt